00290 a2200109 4500001000700000020000600007040001100013100003800024240005700062245005200119362000900171167946 a  cMagnum aCamargo, Maria Ligia Marcondes de10aMusica/movimento: um universo em duas dimensoeslpor10aMusica/movimento: um universo em duas dimensoes0 a1899